| 000 | 00776nam a22002057a 4500 | ||
|---|---|---|---|
| 999 |
_c18416 _d18416 |
||
| 003 | AR-CdUCM | ||
| 008 | 190513b ||||| |||| 00| 0 spa d | ||
| 040 |
_aMUNICIPALIDAD PROVINCIAL DEL CUSCO _cBIBLIOTECA MUNICIPAL DEL CUSCO |
||
| 082 |
_a577 / _bS82 |
||
| 100 |
_aOparin, A. _938989 |
||
| 245 | _aLa vida en el universo / | ||
| 260 |
_aBuenos Aires : _bLautaro, _c1959. |
||
| 300 |
_a227 paginas ; _c18 cm. |
||
| 505 | _aContenido :La vida y su aparición --La situación del sol en el universo --Rasgos principales de la estructura y del origen del sistema solar --Condiciones físicas y posibilidades de vida en la luna ... | ||
| 650 |
_aVida _9884 |
||
| 650 |
_aUniverso _918615 |
||
| 700 |
_aFesenkov, V _938990 |
||
| 942 |
_2ddc _cLIBROS |
||
| 945 |
_arjall _d2019-05-13 |
||